Women's America : refocusing the past
Αποθηκεύτηκε σε:
| Κύριος συγγραφέας: | |
|---|---|
| Άλλοι συγγραφείς: | |
| Μορφή: | Βιβλίο |
| Γλώσσα: | English |
| Δημοσίευση: |
Oxford :
Oxford University Press,
1982
|
| Θέματα: | |
| Ετικέτες: |
Προσθήκη ετικέτας
Δεν υπάρχουν, Καταχωρήστε ετικέτα πρώτοι!
|
MARC
| LEADER | 00000nam a2200000 i 4500 | ||
|---|---|---|---|
| 001 | 1/5333 | ||
| 008 | 960527s1982 eng d | ||
| 020 | |a 0-19-502983-6 | ||
| 035 | |l 10015967 | ||
| 040 | |a GR-MY-UA |b gre |e aacr | ||
| 041 | 0 | |a eng | |
| 082 | 0 | |a 305.40973 | |
| 100 | 1 | |a Kerber, Linda K. | |
| 245 | 1 | 0 | |a Women's America : |b refocusing the past / |c Linda K.Kerber, Jane De Hart Mathews |
| 260 | |a Oxford : |b Oxford University Press, |c 1982 | ||
| 300 | |a 478 p. | ||
| 504 | |a Includes bibliographical references and index | ||
| 650 | 0 | 0 | |a Women |z United States |x History |x Sources. |
| 650 | 0 | 0 | |a Women |x Employment |z United States |x History |x Sources. |
| 650 | 0 | 0 | |a Women in politics |z United States |x History |x Sources. |
| 650 | 0 | 0 | |a Women |x Health and hygiene |z United States |x History |x Sources. |
| 650 | 0 | 0 | |a Feminism |z United States |x History |x Sources. |
| 650 | 0 | 0 | |a Speeches, addresses, etc. |
| 700 | 1 | |a De Hart, Jane Sherron. | |
| 852 | |a INST |b LESVOS |e 19960527 |h 305.40973 KER |p 005100010137 |q 005100010137 |t BK |y 0 | ||
| 909 | |a Λ |b 010250 | ||